000 00345nam a2200133Ia 4500
008 240624s9999 xx 000 0 und d
041 _aeng
082 _a658.4 SAR
100 _aSARDANA G D
245 _aKNOWLEDGE CREATION AND ORGANIZATIONAL WE
260 _c2017
_aNew Delhi
_bBloomsbury
300 _axiv, : 402 : p. : cm. ; 23
365 _cRS
999 _c28672
_d28672